000 00410nam a22001697a 4500
003 MPLRDC
005 20220104144149.0
008 210129b ||||| |||| 00| 0 eng d
020 _a983-808-100-0
082 _a868.71 ZXa c.2
100 _a张旋
245 _a战乱奇情
_c
260 _a
_b马来西亚华文报人协会
_c1999
300 _b
650 _a马华文学
942 _cBK
_o868.71 ZXa c.2
999 _c46987
_d46977